Tous les Lego Ideas - Statistiques

Statistiques générales
  • Ce quiz a été pris 17 fois
    9 depuis la dernière actualisation
  • Le résultat moyen est 15 sur 81
Statistiques - réponses
Sets Lego Ideas % Correct
La station spatiale internationale
63%
Gremlins: Gizmo
50%
Le bateau à vapeur du Missisipi
50%
Le globe terrestre
50%
Le phare motorisé
50%
Collection de minéraux
38%
La cabane dans l'arbre
38%
La machine à écrire
38%
Le chat bicolore
38%
Le jardin botanique
38%
Le piano à queue
38%
Le train Orient-Express
38%
Riviera italienne
38%
Twilight : la maison des Cullen
38%
Willy Wonka et la chocolaterie
38%
Appareil Photo Polaroid OneStep SX-70
25%
Bateau de Mickey Mouse
25%
BTS Dynamite
25%
Cabine téléphonique londonienne
25%
Caterham Seven 620R
25%
Central Perk
25%
Disney Pixar Luxo Jr
25%
Femmes de la NASA
25%
La collection d’insectes
25%
La machine à remonter le temps DeLorean
25%
La magie Disney
25%
Le distributeur de minifigurines
25%
Les Dents de la Mer
25%
Les oiseaux
25%
L'Étrange Noël de Monsieur Jack - Disney Tim Burton
25%
L'évolution des STIM
25%
Maman, j’ai raté l’avion !
25%
Robot Exo
25%
The Big Bang Theory
25%
Tron: L'Héritage
25%
Vincent van Gogh - La Nuit étoilée
25%
Voltron
25%
Wall.E
25%
123 Sesame Street
13%
Bateau dans une bouteille
13%
Doctor Who
13%
Dungeons & Dragons : l’histoire du dragon rouge
13%
Hocus Pocus Disney : le manoir des sœurs Sanderson
13%
Labyrinthe
13%
La maison en A
13%
L’arbre généalogique
13%
Le forgeron médiéval
13%
Le quartet de jazz
13%
Les Pierrafeu
13%
Les récits de l’ère spatiale
13%
Le vieux magasin de pêche
13%
Le village viking
13%
Livre pop-up
13%
Rover Curiosity du laboratoire pour Mars de la NASA
13%
Seinfeld
13%
Sonic the Hedgehog™ – Green Hill Zone
13%
SOS Fantômes
13%
The Office
13%
Winnie l'ourson
13%
Yellow Submarine
13%
Adventure Time
0%
Aventure en voilier
0%
Aventures à bord du vaisseau USS en carton
0%
Billeterie Amelia
0%
Fender® Stratocaster™
0%
Flying Moon Car
0%
Hayabusa
0%
Hommage à Galilée
0%
La voiture vintage
0%
Le baby-foot
0%
Les adorables escargots
0%
Les fossiles de dinosaures
0%
Les livres sont ma passion
0%
Les pirates de la baie de Barracuda
0%
L'institut de recherche
0%
Manège de fusée spatiale
0%
Micro Command Center
0%
Minecraft Microworld: La forêt
0%
Nasa Apollo Saturn V
0%
Ray le naufragé
0%
Shinkai 6500
0%
Aucun quiz correspondant
Distribution des résultats
% des personnes avec chaque résultat
Percentile par nombre de réponses
Votre historique - résultats
Vous n’avez pas pris ce quiz depuis la dernière actualisation